00682cam a22001817a 4500003000500000005001700005008004100022010001000063011001000073035001000083040000900093100003400102245018800136260004400324300000900368502009700377650002600474CHAP20220329134522.0971013s1945 r 00010 d a21508 a22480 a26575 cCHAP00aBosque Bobadilla, Raúl del.13aLa herrumbe o tostado de los frutos cítricos causado por el Phyllocoptes oleivorus, ácaro que es concido tambien como el arador de la naranja en la región de Río Verde, S.L.P. a(Chapingo, Méx.) :bEl autor,c(1945) as.p. aTesis (Ing. Agr. Esp. en Parasitología) -- ENA. Departamento de Parasitología Agrícola14aArador de la naranja.